| 000 | 00615nam a22001817a 4500 | ||
|---|---|---|---|
| 005 | 20180626131240.0 | ||
| 008 | 180626b xxu||||| |||| 00| 0 eng d | ||
| 010 | _aA-722152 | ||
| 020 |
_a8170184622 _c0.00 |
||
| 035 | _aA-722152 | ||
| 082 | _a787.82 | ||
| 100 | _aBandyyopadhyaya,S. | ||
| 245 |
_aTechniques of Sitar: _cby S. Bandyopadhyaya _bthe prince among all musical instruments of India/ |
||
| 260 |
_aDelhi _bB.R. Publishing coorporation _c1988 |
||
| 270 |
_a29/9, Shakti Nagar, Nangia Park _bNew Delhi _e110007 |
||
| 300 |
_a418p; _bill. _c25 cm (HB) |
||
| 942 |
_2ddc _cEN _mBAM _h787.82 |
||
| 999 |
_c153103 _d153103 |
||